Statistics for Budapest H5 HÉV stations

Click here to take the quiz!

General Stats

  • This quiz has been taken 7 times
  • The average score is 14 of 17

Answer Stats

Answer% Correct
Aquincum
100%
Batthyány tér
100%
Békásmegyer
100%
Csillaghegy
100%
Filatorigát
100%
Szentendre
100%
Szentlélek tér
100%
Budakalász
80%
Kaszásdűlő
80%
Margit híd, budai hídfő
80%
Pomáz
80%
Rómaifürdő
80%
Tímár utca
80%
Budakalász, Lenfonó
60%
Szépvölgyi út
60%
Pannóniatelep
40%
Szentistvántelep
40%

Score Distribution

Percentile by Number Answered

Percent of People with Each Score

Your Score History

You have not taken this quiz